banner-ar

فريدة مصر : (Record no. 60097)

MARC details
000 -الفاتح
حقل البيانات ثابتة الطول 00738nam a22002177a 4500
005 - وقت وتاريخ اخر تعامل مع التسجيلة
رقم الضبط 20240530110352.0
008 - عناصر البيانات ثابتة الطول - معلومات عامة
حقل البيانات ثابتة الطول 141228s2009 ua o f 000 0 ara d
017 ## - رقم الايداع القانونى
رقم الايداع القانونى 16565/2009
المصدر ( الهيئة المختصة) مصر . دار الكتب المصرية
020 ## - الرقم الدولى المعيارى للكتب
الرقم الدولى المعيارى للكتاب 9789774275232
040 ## - مصدر الفهرسة
وكالة الفهرسة الأصلية EG-CaGPL
041 0# - رمز اللغة
رمز لغة النص/ المسارات الصوتية أو العنوان الانفرادي ara
082 04 - رقم تصنيف ديوى العشرى
رقم الطبعة 21
رقم التصنيف 923.1
رقم المادة ق/ل ف
100 0# - المدخل الرئيسى - إسم شخصى
الإسم الشخصى لوتس عبدالكريم
245 10 - بيان العنوان
العنوان فريدة مصر :
بقية العنوان اسرار ماكة وسيرة فنانة /
بيان المسئوليه,etc لويس عبدالكريم
300 ## - الوصف المادى
التعداد 248 ص :
تفاصيل ماديه اخرى للوعاء صور ؛
أبعاد الوعاء 27 سم
600 04 - المدخل الاضافى بالموضوع-اسم شخصى
الإسم الشخصى فريدة
التقسيم الفرعي العام الملكة
650 04 - المدخل الاضافى بالموضوع-مصطلح موضوعى
مصطلح موضوعي الملكة فريدة
651 04 - المدخل الاضافى بالموضوع - اسم جغرافى
الاسم الجغرافي مصر
التقسيم الفرعي العام تاريخ
التقسيم الفرعي الزمني العصر الحديث
942 ## - عناصر المدخل الإضافي( كوها)
مصدر التصنيف او مخطط الترفيف Dewey Decimal Classification
Koha [default] item type كتاب
Holdings
حالة التراجع حالة الفقد حالة تلف ليس للاعارة المكان المؤقت الموقع الحالى تاريخ الاكتساب اجمالي اﻻعارات رقم الطلب الباركود تاريخ اخر مشاهدة تاريخ تفعيل السعر نوع وعاء كوها
        مكتبة القاهرة الكبرى مكتبة القاهرة الكبرى 12/28/2014   923.1 ق/ل ف 159088 12/28/2014 12/28/2014 كتاب

Powered By

EGPV